000 00219nam a22000857a 4500
008 161206b xxu||||| |||| 00| 0 eng d
100 _91864
_aBhat, R.L
245 _aSocial Science - VII
260 _aNew Delhi
_bHoly Faith
_c2006
999 _c4611
_d4611